Datum a čas kvízu
38
Celkem bodů
Celkový počet nahraných bodů na tomto kvízu bez doplňovacích otázek.
1.
Pořadí na kvízu
Konečné umístění týmu na tomto kvízu.
Zaznamenané odpovědi
| # | Otázka | Odpověď | Body | Výsledky |
|---|---|---|---|---|
| 1. | V Olomouci byli minulý týden p... | propisku | 0 | |
| 2. | Malajsie a Indonésie se jako p... | Grok | 1 | |
| 3. | Jakub Hrůša získal minulý týde... | dirigent (hudební ředitel) | 0 | |
| 4. | První vydání jistého komiksu b... | Superman | 0 | |
| 5. | Česká republika získala zásluh... | krasobruslení | 1 | |
| 6. | Vaším úkolem v tématu bude odh... | červená, žlutá | 1 | |
| 7. | Teď se podíváme na domácí fotb... | tři | 1 | |
| 8. | Pojďme na hokej. Olomoucký koh... | červenou | 1 | |
| 9. | Na základě zobrazených barev l... | New York Knicks | 0 | |
| 10. | Které americké město oslavuje... | Pittsburgh | 0 |